1182 1583 1691 1009 1384 1705 1317 1778 1696 1311 1632 1587 1825 1968 1618 1359 1149 1091 1508 1103 1371 1788 1196 1026 1055 1312 1586 1704 1546 1873 1819 1963 1174 1809 1155 1574 1722 1215 1927 1811 1578 1671 1022 1575 1045 1731 1680 1833 1748 1536 1555 1429 1471 1194 1887 1380 1127 1629 1425 1717 1652 1334 1141 1185 1809 1792 1832 1640 1867 1701 1838 1217 1131 1115 1049 1026 1280 1032 1529 1310 1940 1701 1323 1074 1174 1943 1856 1978 1004 1544 1926 1756 1932 1627 1006 1799 1040 1718 1840 BCNSPRNW ULIB Ver.6.0+V

เปลี่ยนเป็นภาษาไทย

Change to English
 แสดงรายละเอียดบรรณานุกรม
  กลับหน้าหลัก

Brief Record : Get Marc (ISO 2709) : E-mail record : QR code < ปิดหน้าต่าง
LEADER : 00000nam 2200000uu 4500
001    13399113447
003     ULIB
008    111116s2550||||th 000 0 tha d
020    ^a9789741108596
060 04 ^aW62^bว491ก 2550
100 0  ^aวาสนา จันทร์สว่าง
245 10 ^aการสื่อสารสุขภาพ :^bกลยุทธ์ในงานสุขศึกษาและการสร้างเสริมสุขภาพ /^cวาสนา จันทร์สว่าง
250    ^aพิมพ์ครั้งที่ 2
260    ^aกรุงเทพฯ :^bโรงพิมพ์เจริญดีมั่นคงการพิมพ์,^c2550
300    ^a222 หน้า :^bภาพประกอบ ;^c26 ซม.
650  7 ^aการส่งเสริมสุขภาพ
650  7 ^aการสื่อสารสาธารณสุข
945    ^p190^l0^i15173
995    ^aกัณชพร
999    ^aใช้งานได้ทุกระบบ
รายการนี้ยังไม่มีแท็ก
คุณยังไม่ได้ล็อกอิน คุณสามารถมีกิจกรรมร่วมกับเว็บไซต์ได้ แต่ต้องล็อกอินก่อน ::
  ล็อกอิน

รายการสื่อสารสนเทศ

ลำดับที่ ประเภท เลขเรียก/บาร์โค้ด สถานที่ สถานะ
- ไม่พบข้อมูล -

รายการใกล้เคียง
    ผู้แต่ง [วาสนา จันทร์สว่าง]

    หัวเรื่อง [การส่งเสริมสุขภาพ]
    หัวเรื่อง [การสื่อสารสาธารณสุข]

BibComment


ยังไม่เคยถูกคอมเมนท์

คอมเมนท์ทรัพยากรรายการนี้
  คอมเมนท์: การสื่อสารสุขภาพ..


 Copyright 2026. Bcnsprnw @Library